Vállalati végrehajtás
Elmentve itt :
| Szerző: | |
|---|---|
| Dokumentumtípus: | Cikk |
| Megjelent: |
1930
|
| Sorozat: | Polgári jog : a hazai és külföldi magánjog és hiteljog szemléje
6 |
| Kulcsszavak: | Eljárásjog végrehajtás |
| Online Access: | http://misc.bibl.u-szeged.hu/5657 |
| LEADER | 00598nab a2200169 i 4500 | ||
|---|---|---|---|
| 001 | misc5657 | ||
| 005 | 20191106142625.0 | ||
| 008 | 170607s1930 hu o 0|| hun d | ||
| 040 | |a SZTE Miscellanea Repozitórium |b hun | ||
| 041 | |a hun | ||
| 100 | 1 | |a Balla Ignác | |
| 245 | 1 | 0 | |a Vállalati végrehajtás |h [elektronikus dokumentum] / |c Balla Ignác |
| 260 | |c 1930 | ||
| 300 | |a 550-552a | ||
| 490 | 0 | |a Polgári jog : a hazai és külföldi magánjog és hiteljog szemléje |v 6 | |
| 695 | |a Eljárásjog végrehajtás | ||
| 856 | 4 | 0 | |u http://misc.bibl.u-szeged.hu/5657/1/polgari_jog_1930_550-552a.pdf |z Dokumentum-elérés |